000 00718nam a2200229 a 4500
001 13026
003 BD-JhCC
005 20230614092734.0
008 230614s20232022bg |||| |||| 00| 0 ben d
020 _a9789849608271
035 _a(BD-JhCC)13026
040 _aBD-JhCC
_dBD-JhCC
041 _aben
082 _a891.443
_bJAL 2023
100 _aজলদাস, হরিশংকর
245 _aবিনোদপুরের বিনোদিনী /
_cহরিশংকর জলদাস
260 _aঢাকা :
_bমাওলা ব্রাদার্স
_c২০২৩
300 _a২০৮ পৃ. :
_c২১ সেমি.
650 _aBengli Novel
942 _2ddc
_cBK
_07
999 _c13026
_d13026